Justice and the Politics of Difference.

Sparad:
Bibliografiska uppgifter
Huvudupphovsman: Young, Iris Marion (Författare, medförfattare)
Övriga upphovsmän: Allen, Danielle (foreword)
Materialtyp: Okänd
Språk:engelska
Publicerad: Princeton, New Jersey, United States: Princeton University Press, 2022.
Ämnen:
Taggar: Lägg till en tagg
Inga taggar, Lägg till första taggen!

MARC

LEADER 00000 a2200000 4500
003 CL-VaPUC
005 20240508161803.0
008 240502t1990 ||||| |||| 00| 0 eng d
999 |c 443355  |d 443353 
020 |a 978-0-691-23516-5 
040 |c Pontificia Universidad Católica de Valparaíso 
082 |2 22  |a 321.8 YOU 2022 
100 |a Young, Iris Marion   |9 888016  |e author 
245 |a Justice and the Politics of Difference.  
260 |a Princeton, New Jersey, United States:   |b Princeton University Press,   |c 2022. 
300 |a 286 páginas. 
583 |k GC  |c 20240502 
650 0 |9 314874  |a Justicia social  |x Democracia  
650 0 |9 349344  |a Opresión   |x Política y gobierno 
650 0 |9 315241  |a Movimientos sociales  |x Participación política  
700 |9 888731  |a Allen, Danielle   |e foreword 
942 |2 ddc  |c BK 
952 |0 0  |1 0  |2 ddc  |4 0  |6 321_800000000000000_YOU_2022  |7 0  |8 A  |9 594233  |a BIBEDU  |b BIBEDU  |c S_PSTGRDO  |d 2024-04-24  |e 3  |g 23715.00  |i 5660876  |o 321.8 YOU 2022  |p 5660876  |r 2025-01-22  |t 1  |v 23715.00  |w 2024-04-24  |y BK  |k DED